Budapest HÉV H6 line stops - Statistics

General Stats
  • This quiz has been taken 41 times
  • The average score is 17 of 22
Answer Stats
Answer Interchange % Correct
Közvágóhíd 1, 2, 24
100%
Ráckeve
97%
Szigetszentmiklós
90%
Tököl H6
90%
Kén utca
87%
Pesterzsébet felső
83%
Soroksár, Hősök tere D14
83%
Dunaharaszti felső
80%
Szigethalom
80%
Szigetszentmárton-Szigetújfalu
80%
Dunaharaszti külső H6
73%
Millenniumtelep
73%
Szigetcsép
73%
Soroksár felső
70%
Szigetszentmiklós-Gyártelep
70%
Horgásztanyák
67%
József Attila-telep
67%
Szigetszentmiklós alsó
67%
Angyalisziget
60%
Szigethalom alsó
60%
Szent István utca
53%
Torontál utca
53%
No matching quizzes found
Score Distribution
Percent of People with Each Score
Percentile by Number Answered
Your Score History
You have not taken this quiz